| 000 | 00939nam a2200229Ia 4500 | ||
|---|---|---|---|
| 003 | OSt | ||
| 005 | 20240126152246.0 | ||
| 008 | 220107t1960||||xx |||||||||||||| ||und|| | ||
| 040 | _aBoOrUTOFe | ||
| 082 |
_a513 _bR42 |
||
| 100 | _aRepetto, Celina H. | ||
| 245 | 0 | _aGeometria | |
| 246 | _ageometry | ||
| 260 |
_aBuenos Aires: _bKapelusz ; _c1962. |
||
| 300 |
_a147 p. _bilus. ; _c20,5 cm. |
||
| 505 | _aI Polígonos convexos, II simetría central y accial, III paralelogramas, IV parlelogramos especiales, V Construcción de parlelogramos, VI trapecios y trapesoides, VII puntos notables del triángulo, VIII circunferencia y círculo, IX posiciones relativas de una recta, X ángulos insciptos y semiinscriptos, XI polígonos equivalentes, XII equivalencia de figuras poligonales | ||
| 650 | _aGeometría | ||
| 655 | _aLibros de Texto | ||
| 700 | _aLinskens, Marcela E. | ||
| 700 | _aFesquet, Hilda B. | ||
| 942 |
_cLI _2ddc _zsv |
||
| 999 |
_c5803 _d5803 |
||